书目信息 |
| 题名: |
人口老龄化与养老模式
|
|
| 作者: | 苏振芳 主编 | |
| 分册: | ||
| 出版信息: | 北京 社会科学文献出版社 2014 |
|
| 页数: | 310页 | |
| 开本: | 24cm | |
| 丛书名: | ||
| 单 册: | ||
| 中图分类: | C924.24 , D669.6 | |
| 科图分类: | ||
| 主题词: | 人口老龄化--研究--中国 , 养老--社会服务--研究--中国 , 人口老龄化 , 养老 , 社会服务 | |
| 电子资源: | ||
| ISBN: | 978-7-5097-5268-5 | |
| 000 | 01375nam0 2200313 450 | |
| 001 | 519 | |
| 005 | 20140905094436.79 | |
| 010 | @a978-7-5097-5268-5@dCNY75.00 | |
| 100 | @a20140305d2014 em y0chiy50 ea | |
| 101 | 0 | @achi |
| 102 | @aCN@b110000 | |
| 105 | @ay z 000yy | |
| 106 | @ar | |
| 200 | 1 | @a人口老龄化与养老模式@ARen Kou Lao Ling Hua Yu Yang Lao Mo Shi@dAn aging population and pension mode@f苏振芳主编@FSu Zhen Fang Zhu Bian@zeng |
| 210 | @a北京@c社会科学文献出版社@d2014 | |
| 215 | @a310页@d24cm | |
| 300 | @a福建省社会科学规划研究项目(编号:2010B079) 福建省老年学学会重点研究项目(2013年) | |
| 330 | @a本书重点研究如下问题:我国人口老年化对养老模式的影响;生育观与养老观的变化及其相互关系;农村养老模式现状及其影响因素;农村空巢老人的形成及养老模式的理性选择;城市居家养老模式;城乡社会养老保障模式比较;高校离退休人员居家养老满意度研究;城市机构养老服务满意度研究;城市公立与私立养老机构比较研究;社会工作介入养老模式研究,以及美国养老模式的历史经验及对我国的启示。 | |
| 510 | 1 | @aAn aging population and pension mode@zeng |
| 606 | 0 | @a人口老龄化@x研究@y中国 |
| 606 | 0 | @a养老@x社会服务@x研究@y中国 |
| 606 | 0 | @a人口老龄化 |
| 606 | 0 | @a养老 |
| 606 | 0 | @a社会服务 |
| 690 | @aC924.24@v5 | |
| 690 | @aD669.6@v5 | |
| 701 | 0 | @a苏振芳@ASu Zhen Fang@f(1948~)@4主编 |
| 801 | 0 | @aCN@bTANGWEI@c20140603 |
| 905 | @b0839026-28@dC924.24@e82@f3 | |
| 人口老龄化与养老模式=An aging population and pension mode/苏振芳主编.-北京:社会科学文献出版社,2014 |
| 310页;24cm |
| 福建省社会科学规划研究项目(编号:2010B079) 福建省老年学学会重点研究项目(2013年) |
| ISBN 978-7-5097-5268-5:CNY75.00 |
| 本书重点研究如下问题:我国人口老年化对养老模式的影响;生育观与养老观的变化及其相互关系;农村养老模式现状及其影响因素;农村空巢老人的形成及养老模式的理性选择;城市居家养老模式;城乡社会养老保障模式比较;高校离退休人员居家养老满意度研究;城市机构养老服务满意度研究;城市公立与私立养老机构比较研究;社会工作介入养老模式研究,以及美国养老模式的历史经验及对我国的启示。 |
| ● |
| 相关链接 |
|
|
|
|
正题名:人口老龄化与养老模式
索取号:C924.24/82
 
预约/预借
| 序号 | 登录号 | 条形码 | 馆藏地/架位号 | 状态 | 备注 |
| 1 | 0839026 | 208390267 | 第一样本阅览室/ [索取号:C924.24/82] | 在馆 | |
| 2 | 0839027 | 208390276 | 第一借阅区/ [索取号:C924.24/82] | 在馆 | |
| 3 | 0839028 | 208390285 | 密集书库-海洋学院/ [索取号:C924.24/82] | 在馆 |